Elements for an agenda of the south
Gorde:
| Erakunde egilea: | |
|---|---|
| Formatua: | Liburua |
| Hizkuntza: | ingelesa |
| Argitaratua: |
Ginebra
Non Aligned Movement
1999
|
| Gaiak: | |
| Etiketak: |
Etiketa erantsi
Etiketarik gabe, Izan zaitez lehena erregistro honi etiketa jartzen!
|
MARC
| LEADER | 00000nam a2200000 a 4500 | ||
|---|---|---|---|
| 001 | UCP6295 | ||
| 003 | CL-VaPUC | ||
| 008 | 991021e19990000SZ |||||||||||||||||eng|d | ||
| 082 | 0 | 4 | |a 303.44 |b SOU |2 21 |
| 110 | 2 | |a South Centre |e author |9 435313 | |
| 245 | 1 | 0 | |a Elements for an agenda of the south |
| 300 | |a 53 p | ||
| 942 | |c BK | ||
| 945 | |d 19991021 00:00:00 |a rbrito | ||
| 260 | |a Ginebra |b Non Aligned Movement |c 1999 | ||
| 650 | 0 | |a Desarrollo económico |9 259599 | |
| 650 | 0 | |a Economía internacional |9 258254 | |
| 650 | 0 | |a Política económica |9 255029 | |
| 583 | |a last modification |c 19991021 00:00:00 |k Rodrigo Vera | ||
| 999 | |c 283889 |d 283887 | ||
| 952 | |0 0 |1 0 |4 0 |6 303_440000000000000_SOU_1999 |7 0 |8 A |9 327408 |a BIBGIM |b BIBGIM |d 2019-11-20 |i 3561062 |o 303.44 SOU 1999 |p 3561062 |r 2025-01-15 |w 2019-11-20 |y BK |k GIM | ||
| 952 | |0 0 |1 0 |4 0 |6 303_440000000000000_SOU_1999 |7 0 |8 A |9 327409 |a BIBGIM |b BIBGIM |d 2019-11-20 |i 3562719 |o 303.44 SOU 1999 |p 3562719 |r 2025-01-15 |w 2019-11-20 |y BK |k GIM | ||
| 952 | |0 0 |1 0 |4 0 |6 303_440000000000000_SOU_1999 |7 0 |8 A |9 327410 |a BIBEDU |b BIBEDU |d 2019-11-20 |i 3565440 |o 303.44 SOU 1999 |p 3565440 |r 2019-11-20 |w 2019-11-20 |y BK |k BME | ||
| 952 | |0 0 |1 0 |4 0 |6 303_440000000000000_SOU_1999 |7 0 |8 A |9 327411 |a BIBING |b BIBING |d 2019-11-20 |i 3560864 |o 303.44 SOU 1999 |p 3560864 |r 2025-01-20 |w 2019-11-20 |y BK |k EII | ||